000 01874cam a2200421Ia 4500
001 96973
005 20230410130713.0
008 100421s2006 mx a b 100 0 spa d
035 _a(OCoLC)ocn608318596
040 _aCUS
_cTEF
020 _a9801208767
020 _a9789801208761
035 _a(OCoLC)608318596
043 _acl-----
050 1 4 _aPN 4756
_bS471b 2005
049 _aGRAL
111 2 _aSeminario La Búsqueda de la Calidad Periodística en los Medios Audiovisuales y las Demandas Sociales en América Latina
_d(2005 :
_cMonterrey, Mexico)
245 1 3 _aLa búsqueda de la calidad periodística en los medios audiovisuales y las demandas sociales en América Latina :
_bmemorias del Seminario realizado en Monterrey, Nuevo León, México, organizado por la CAF y la Fundación Nuevo Periodismo Iberamericano, 29-30 agosto de 2005.
260 _a[Caracas, Venezuela] :
_bCAF :
_bFundación Nuevo Periodismo Iberoamericano :
_bCEMEX,
_c[2006]
300 _a195 p. :
_bill. ;
_c21 cm.
490 1 _aColección Periodistas siglo XXI: espacios para el debate creador
650 4 _aEtica periodistica.
650 4 _aPeriodismo
_zAmérica Latina.
650 4 _aPeriodistas
_zAmérica Latina
_vCongresos, conferencias, etc.
650 0 _aJournalistic ethics
_zLatin America
_vCongresses.
650 0 _aBroadcast journalism
_zLatin America
_vCongresses.
650 0 _aOnline journalism
_zLatin America
_vCongresses.
650 0 _aJournalism
_xSocial aspects
_zLatin America
_vCongresses.
650 0 _aJournalism
_xPolitical aspects
_zLatin America
_vCongresses.
710 2 _aCorporación Andina de Fomento.
710 2 _aFundación para un Nuevo Periodismo Iberoamericano.
710 2 _aCemex, S.A. de C.V.
830 0 _aColección Periodistas siglo XXI.
936 _aPR 318365477
942 _2lcc
_cbk
946 _amjcruz
994 _aC0
_bDRFGD
999 _c78839
_d78839